00798cam a22002531 4500001000800000005001700008008004100025010001700066035001800083040004000101041000800141042001200149080001300161082001300174100000700187101000800194245004700202510006400249906004500313942001200358987004500370999001700415952011200432652571720180312101257.0731010m19561958enkab 000 0 eng c a 56003775  a(OCoLC)715491 aRosenwald Coll.cOKentUdOCoLCdDLC aeng apremarc a942 CHUR a942 CHUR1 a16 aHIS12aA history of the English-speaking peoples.4 aLibrary of Congress. Lessing J. Rosenwald collection,c2301 a7bcbccoclcrplduencipf19gy-gencatlg 2ddccBK bRBSCDRECONc20171025drfBIB FILE MAINT. c44791d44791 00102udc40708PËKGa002b002cPËKGd2018-03-12l0o942 CHURp002-3001577r2018-03-12w2018-03-12yBK